El arte de convivir en la vida cotidiana / (Registro nro. 11224)
[ vista simple ]
| 000 -LIDER | |
|---|---|
| fixed length control field | 01395nam a22003377a 4500 |
| 001 - NÚMERO DE CONTROL | |
| Identificador de número de control | 0147 |
| 003 - IDENTIFICACDOR DE NÚMERO DE CONTROL | |
| control field | DO-SdBNP |
| 005 - DATE AND TIME OF LATEST TRANSACTION | |
| control field | 20160830115101.0 |
| 007 - CAMPOS FIJOS DE DESCRIPCIÓN FÍSICA | |
| fixed length control field | 0147 |
| 008 - ELEMENTOS DE LONGITUD FIJA | |
| fixed length control field | 2014557 2007 mx /c |
| 020 ## - ISBN | |
| International Standard Book Number | 9789708120128 |
| 040 ## - FUENTE DE CATALOGACIÓN | |
| Enlace | BPMSU |
| Campo enlazado y núm. de secuencia | spa |
| Agencia que crea de manera original el registro | BPMSU |
| Agencia que realiza la transcripción | rdc |
| 082 ## - NÚMERO DE CLASIFICACIÓN DECIMAL DE DEWEY | |
| Classification number | 395 |
| Item number | V297a |
| 100 ## - ASIENTO PRINCIPAL -- NOMBRE PERSONAL | |
| Nombre personal | Vargas, Gaby |
| Fechas asociadas con el nombre | 1953- |
| 245 ## - MENCIÓN DE TITULO | |
| Título | El arte de convivir en la vida cotidiana / |
| Subtítulo | |
| Mención de responsabilidad | Gaby Vargas |
| 260 ## - PUBLICACIÓN, DISTRIBUCIÓN, ETC. (PIE DE IMPRENTA) | |
| Lugar de publicación, distribución, etc | México : |
| Nombre del editor, distribuidor, etc. | Punto de lectura, |
| Fecha de publicación, distribución, etc | 2007 |
| 300 ## - DESCRIPCIÓN FÍSICA | |
| Extensión | 491 p. |
| Dimensiones | 15 cm. |
| 490 ## - MENCIÓN DE SERIES | |
| Mención de serie | Punto de lectura |
| Volume/sequential designation | 143/4 |
| 505 ## - NOTA DE CONTENIDO | |
| Texto normalizado de contenido | Agradecimientos-- |
| Título | Introducción -- |
| -- | El arte de recibir y ser recibido -- |
| -- | La comida, el centro de reunión -- |
| -- | Cómo vestir la mesa -- |
| -- | Comer es un placer -- |
| -- | Recibir y presentar -- |
| -- | A la mesa -- |
| -- | El fumador -- |
| -- | Coctel -- |
| -- | La música -- |
| -- | ¿Qué dice nuestro cuerpo?-- |
| -- | Escuchando se entiende la gente -- |
| -- | El que mucho se despide -- |
| -- | Hospitalidad de fin de semana -- |
| -- | Las fiestas de la vida -- |
| -- | ¿Quieres casarte conmigo -- |
| -- | El valor de comunicarse por escrito -- |
| -- | Bibliografía -- |
| -- | Índice |
| 650 #4 - ENCABEZAMIENTO DE MATERIA--TEMÁTICO | |
| Término temático o nombre geográfico como elemento de entrada | ARTE DE VIVIR |
| 650 #4 - ENCABEZAMIENTO DE MATERIA--TEMÁTICO | |
| Término temático o nombre geográfico como elemento de entrada | HABILIDADES SOCIALES |
| 650 #4 - ENCABEZAMIENTO DE MATERIA--TEMÁTICO | |
| Término temático o nombre geográfico como elemento de entrada | CONDUCTA DE VIDA |
| 650 #4 - ENCABEZAMIENTO DE MATERIA--TEMÁTICO | |
| Término temático o nombre geográfico como elemento de entrada | CONDUCTA HUMANA |
| 650 #4 - ENCABEZAMIENTO DE MATERIA--TEMÁTICO | |
| Término temático o nombre geográfico como elemento de entrada | CORTESÍA |
| 650 #4 - ENCABEZAMIENTO DE MATERIA--TEMÁTICO | |
| Término temático o nombre geográfico como elemento de entrada | ETIQUETA |
| 650 #4 - ENCABEZAMIENTO DE MATERIA--TEMÁTICO | |
| Término temático o nombre geográfico como elemento de entrada | SUPERACIÓN PERSONAL |
| 650 #4 - ENCABEZAMIENTO DE MATERIA--TEMÁTICO | |
| Término temático o nombre geográfico como elemento de entrada | PERSONALIDAD Y CULTURA |
| 830 ## - ASIENTO SECUNDARIO DE SERIE--TÍTULO UNIFORME | |
| Título uniforme | Punto de lectura |
| Volume number/sequential designation | 143/4 |
| 942 ## - ADDED ENTRY ELEMENTS (KOHA) | |
| Source of classification or shelving scheme | Dewey Decimal Classification |
| Koha item type | Libros |
| 956 ## - LOCAL ELECTRONIC LOCATION AND ACCESS (OCLC) | |
| Nombre de host | VMATEO |
| Número de acceso | 10 |
| Información de compresión | BPMSU |
| Trayectoria | 20160824 |
| Nombre Electrónico | 0069 |
No hay ítems disponibles.